000 00839nam a22002532 4500
001 0000013069
005 20151217145859.0
008 090526s xx 000 0 eng d
020 _a8131725313 :
040 _aKABU
_cKABU
100 1 _aPhillips, Charles L.
_@0000170173
245 1 0 _aSignals, systems, and transforms /
_cCharles L. Phillips, John M. Parr, Eve A. Riskin.
250 _a4th ed.
260 _aNew Delhi :
_bDorling Kindersley,
_c2008.
300 _axx, 772 p.
650 0 _aSignal processing
_xMathematical models.
_@0000170174
650 0 _aTransforms (Mathematics)
_@0000170175
650 0 _aSystem analysis.
_@0000148439
700 1 _aParr, John M.
_@0000170176
700 1 _aRiskin, Eve A.
_@0000170177
852 1 _9p3850 KES
908 _a090526
950 _@1
999 _c3662
_d3662